Les anciennes capitales - Statistiques

Statistiques générales
  • Ce quiz a été pris 84 fois
    48 depuis la dernière actualisation
  • Le résultat moyen est 18 sur 65
Statistiques - réponses
Pays Une ancienne capitale % Correct
Brésil Rio de Janeiro | Salvador de Bahia
86%
France Versailles | Vichy | Lyon
81%
Egypte Alexandrie | Memphis | Mendès | Saïs | Sebennytos | Akhetaton | Avaris | Héracléopolis magna | Léontopolis | Pi-Ramsès | Tanis | Thèbes | Thinis
71%
Etats-Unis Annapolis | Lancaster | New York | Philadelphie
69%
Allemagne Durlach | Karlsruhe | Mannheim | Bad Munstereifel | Bonn
69%
Japon Koryo | Kashihara | Kyoto | Nara | Asuka Kyo | Fujiwara kyo | Fukuhara kyo | Hiean kyo | Heijo kyo | Kuni kyo | Nagaoka kyo | Naniwa kyo | Sakurai
64%
Russie Saint Petersbourg
64%
Côte d'ivoire Abidjan | Bingerville | Grand-Bassam
62%
Turquie Bursa | Istanbul
62%
Maroc Fès | Marrakech | Meknès | Volubilis
62%
Pologne Cracovie | Gniezno
60%
Inde Delhi | Fatehpur Sikri | Srinagar | Calcutta
60%
Vietnam Ho-Chi-Minh-ville | Hoa Lu | Hué
60%
Birmanie Mandalay | Rangoun | Amarapura | Ava | Ratanapura | Bagan | Martaban | Mottama | Mrauk U | Pégou | Pinle | Pinya | Sagaing | Shwebo | Tagaung | Thaton | Thonburi
57%
Nouvelle-Zélande Auckland
55%
Italie Florence
55%
Canada Kingston | Québec
55%
Nigeria Lagos | Sokoto
55%
Sri Lanka Anurâdhapura | Colombo | Embekka Devalaya | Gampola | Kandy | Polonnaruva
52%
Chine Chang'an | Anyang | Nanjing | Xi'an | Liang | Hangzhou | Luoyang | Anyang | Zhengzhou | Tholing
50%
Espagne Grenade | Tolède
50%
Tanzanie Dar es Salam
48%
Belize Belize city
40%
Iran Persépolis | Samarcande | Chiraz | Ispahan | Ray
36%
Lituanie Kaunas | Kernave | Trakai
33%
Tunisie Carthage
31%
Sénégal Saint-Louis
31%
Philippines Quezon city | Tacloban
29%
Yemen Aden
26%
Afghanistan Aï Khanoum | Ghazni | Kandahar
26%
Pérou Cuzco
26%
Jordanie Pétra
24%
Cambodge Angkor | Lovek | Oudong | Sambor Prei Kuk | Srey Sabthor | Vyadhapura
21%
Norvège Trondheim | Christiania
19%
Palaos Koror
17%
Hongrie Buda
14%
Monténégro Cetinje
14%
Ghana Kumasi
12%
Indonésie Yogyakarta | Bukittinggi | Siak Sri Indrapura | Batavia
12%
Grèce Nauplie | Egine | Nauplie
10%
Thaïlande Sukhotaï | Chiang Mai | Chiang Rai | Lopburi | Ayutthaya | Amphoe Fang [ Lamphun | Phitsanulok | Wiang Kum Kam
10%
Arménie Ani | Amavir | Artaxata | Bagaran | Dvin | Ervandachat | Shirakavan | Tigranakert
7%
Guatemala Antigua
7%
Ethiopie Gondar | Aksoum
7%
Laos Luang Prabang
7%
Turkménistan Merv
7%
Danemark Roskilde
7%
Royaume-Uni Winchester
7%
Bulgarie Bolgar | Kaliakra | Melnik | Nikopol | Phanagoria | Preslav | Vidin | Serrès | Veliko Tarnovo
5%
Zambie Livingstone
5%
Congo Boma | Vivi
2%
Irak Charax Spasinou | Ctésiphon
2%
Malte Mdina
2%
Soudan Napata | Vieux Dongola
2%
Mali Dakadjalan
0%
Soudan-du-Sud Lado
0%
Fidji Levuka
0%
Afrique-du-Sud Mahikeng
0%
Algérie Mascara
0%
Guinée Niani
0%
Chypre Salamine
0%
Irlande Tara
0%
Ukraine Tchyhyryne
0%
Albanie Vlora
0%
Malawi Zomba
0%
Aucun quiz correspondant
Distribution des résultats
% des personnes avec chaque résultat
Percentile par nombre de réponses
Votre historique - résultats
Vous n’avez pas pris ce quiz depuis la dernière actualisation